000 00284nam a2200109Ia 4500
008 190216s9999||||xx |||||||||||||| ||und||
100 _aTaggi V P
245 0 _aHindi-Pracheen Bharath Ke Vainjanik Aue Unki Upladiyam
260 _bPoorna Pubs Kozhikode
650 _aHindi
942 _cBK
999 _c15352
_d15352